| Tag |
First Indicator |
Second Indicator |
Subfields |
| LEADER |
00000pam a2200000 i 4500 |
| 001 |
in00000045594 |
| 005 |
20151007073149.0 |
| 008 |
781205s1979 ncu b 00010 eng |
| 010 |
|
|
|a 78027311
|
| 020 |
|
|
|a 0807892068 :
|c $8.50
|
| 035 |
|
|
|a (OCoLC)04515478
|
| 035 |
|
|
|9 AAE9246AM
|
| 040 |
|
|
|a DLC
|c DLC
|d TXA
|d UtOrBLW
|
| 049 |
|
|
|a TXAM
|c [980527]
|
| 050 |
0 |
0 |
|a PQ2631.E348
|b Z59
|
| 082 |
0 |
|
|a 841/.9/12
|
| 100 |
1 |
|
|a Costich, Julia F.
|
| 245 |
1 |
4 |
|a The poetry of change :
|b a study of the surrealist works of Benjamin Peret /
|c by Julia Field Costich.
|
| 264 |
|
2 |
|a Chapel Hill :
|b U.N.C. Dept. of Romance Languages : distributed by University of North Carolina Press,
|c 1979.
|
| 300 |
|
|
|a 217 pages ;
|c 24 cm.
|
| 336 |
|
|
|a text
|b txt
|2 rdacontent
|
| 337 |
|
|
|a unmediated
|b n
|2 rdamedia
|
| 338 |
|
|
|a volume
|b nc
|2 rdacarrier
|
| 490 |
1 |
|
|a North Carolina studies in the Romance languages and literatures ;
|v 206
|
| 500 |
|
|
|a "Works by Benjamin Peret": pages [198]-213.
|
| 504 |
|
|
|a Bibliography: pages [214]-217.
|
| 600 |
1 |
0 |
|a Péret, Benjamin,
|d 1899-1959
|x Criticism and interpretation.
|
| 830 |
|
0 |
|a North Carolina studies in the Romance languages and literatures ;
|v no. 206.
|
| 999 |
|
|
|a MARS
|
| 999 |
f |
f |
|s ca0a3e4f-9130-3fba-9051-7869a9dd11d7
|i 1e0acb4f-ecf7-3c20-9aca-511602561472
|t 0
|
| 952 |
f |
f |
|p ric
|a Texas A&M University
|b Rellis Campus
|c Joint Library Facility
|d Remote Storage
|t 0
|e PQ2631.E348 Z59
|h Library of Congress classification
|i unmediated -- volume
|m A14803785151
|
| 998 |
f |
f |
|a PQ2631.E348 Z59
|t 0
|l Remote Storage
|